000 00699 a2200205 4500
001 79
005 20260407155407.0
008 260407a2000 arg spa d
003 AR-UNSa-BCEJYS
040 _aAR-UNSa-BCEJYS
_bspa
_cAR-UNSa-BCEJYS
080 _a(038)658.8
_xDiccionario de Marketing
245 1 0 _aDiccionario de términos de marketing
020 _a987-9169-41-7
264 1 _aBuenos Aires :
_bCoyuntura
_c2000
300 _a284 p.
_c22 cm.
942 _cBK
590 _aniveau_biblio:m niveau_hierar:0
100 1 _aAmerican Marketing Association
856 4 1 _uhttps://biblioeco.unsa.edu.ar/pmb/images/libros/Diccionario de Terminos de Marketing-l117370.jpg
_yImagen de portada
_qimage/jpeg
999 _c57
_d57